| 000 | 01147nam a2200289 i 4500 | ||
|---|---|---|---|
| 003 | EG-ScBUE | ||
| 005 | 20231114104507.0 | ||
| 008 | 111122s1997 ua o f 000 0bara d | ||
| 017 | _a97 / 13830 | ||
| 020 | _a9772359529 | ||
| 040 |
_aEG-ScBUE _bara _erda _cEG-ScBUE _dEG-ScBUE |
||
| 082 | 0 | 4 |
_222 _a792.092 _bم ج ي |
| 100 | 1 |
_927068 _aعبد المجيد، إبراهيم، _eمؤلف. |
|
| 245 | 1 | 0 |
_aسعد الدين وهبة : _bكاتب مصر المحروسة : الحضور الدائم / _cإعداد إبراهيم عبد المجيد. |
| 250 | _aالطبعة الثانية. | ||
| 264 | 1 |
_aالقاهرة : _bالهيئة العامة لقصور الثقافة، _c[1997] |
|
| 300 |
_a265 صفحة : _bصور ؛ _c24 سم |
||
| 336 |
_2rdacontent _aنص _btxt |
||
| 337 |
_aبدون وسيط _2rdamedia _bn |
||
| 338 |
_aمجلد _bnc _2rdacarrier |
||
| 600 | 1 | 7 |
_927841 _aوهبة، سعد الدين _d1925-1997 _xمذكرات. _2BUEsh |
| 650 | 7 |
_aالمسرح _zمصر _vتراجم. _2BUEsh |
|
| 650 | 7 |
_aالسينما _zمصر _vتراجم. _2BUEsh |
|
| 653 | _cNovember2011 | ||
| 655 | _vReading book | ||
| 942 |
_2ddc _cBB |
||
| 999 |
_c16247 _d16247 |
||